Roman Tribes - Statistics

General Stats
  • This quiz has been taken 18 times
  • The average score is 4 of 35
Answer Stats
Tribe % Correct
AEM Aemilia
50%
CLA Clavdia
43%
COR Cornelia
29%
PAL Palatina
21%
COL Collina
14%
ESQ Esqvilina
14%
FAB Fabia
14%
GAL Galeria
14%
Mæcia
14%
PAP Papiria
14%
VEL Velina
14%
ANI Aniensis
7%
ARN Arniensis
7%
CAM Camilia
7%
CLV Clvstvmina
7%
FAL Falerna
7%
HOR Horatia
7%
LEM Lemonia
7%
MEN Menenia
7%
OVF Ovfentina
7%
POB Poblilia
7%
POL Pollia
7%
POM Pomptina
7%
PVP Pvpinia
7%
QVI Qvirina
7%
ROM Romilia
7%
SAB Sabatina
7%
SCA Scaptia
7%
SER Sergia
7%
STE Stellatina
7%
SVC Svcvsana
7%
TER Teretina
7%
TRO Tromentina
7%
VOL Voltinia
7%
VOT Voturia
7%
No matching quizzes found
Score Distribution
Percent of People with Each Score
Percentile by Number Answered
Your Score History
You have not taken this quiz